[Event "TCh-SUI 2013"]
[Site "Switzerland SUI"]
[Date "2013.03.17"]
[Round "1.3"]
[White "Knoedler,D"]
[Black "Cvitan,O"]
[Result "1/2-1/2"]
[WhiteElo "2344"]
[BlackElo "2561"]

1.c4 e5 2.g3 Nf6 3.Bg2 c6 4.d4 exd4 5.Qxd4 d5 6.Nf3 Be7 7.cxd5 cxd5 8.O-O Nc6
9.Qa4 O-O 10.Nc3 Bd7 11.Be3 Re8 12.Qb3 Na5 13.Qc2 Rc8 14.Rad1 h6 15.Qb1 Be6
16.Nd4 Nc4 17.Nxe6 fxe6 18.Bxh6 gxh6 19.Qg6+ Kf8 20.Ne4 Nxe4 21.Qxh6+ Kf7
22.Qh7+ Kf8 23.Qh8+ Kf7 24.Qh7+ Kf8 25.Qh8+  1/2-1/2

[Event "30th Ciocaltea Mem 2013"]
[Site "Bucharest ROU"]
[Date "2013.03.19"]
[Round "5.1"]
[White "Tarlev,K"]
[Black "Dumitrache,D"]
[Result "1-0"]
[WhiteElo "2540"]
[BlackElo "2441"]

1.c4 e5 2.g3 Nc6 3.Bg2 g6 4.Nc3 Bg7 5.e3 d6 6.Nge2 h5 7.d4 h4 8.d5 Nce7 9.e4 f5
10.Bg5 h3 11.Bf3 Nf6 12.Qd2 O-O 13.O-O Nh7 14.Bh6 f4 15.Bxg7 Kxg7 16.gxf4 Ng8
17.Kh1 Ng5 18.Qe3 exf4 19.Nxf4 Qf6 20.Nce2 Nh6 21.Rg1 Kh7 22.Rxg5 Qxg5 23.Rg1 Qd8
24.Rxg6 Qh4 25.Rg3 Rg8 26.e5 Bf5 27.e6 Qf6 28.Nd4 Rxg3 29.hxg3 Ng4 30.Bxg4 Bxg4
31.Qe4+  1-0

[Event "North Carolina Invitational 2013"]
[Site "Chapel Hill USA"]
[Date "2013.03.23"]
[Round "1"]
[White "Mabe,C"]
[Black "Timmel,J"]
[Result "1-0"]
[WhiteElo "2255"]
[BlackElo "2087"]

1.c4 e5 2.g3 Nc6 3.Nc3 Bc5 4.Bg2 d6 5.e3 Nf6 6.a3 Be6 7.b4 Bb6 8.d3 a5 9.b5 Ne7
10.Bxb7 d5 11.Bxa8 Qxa8 12.c5 Bxc5 13.Na4 d4 14.f3 Bd6 15.e4 O-O 16.Bg5 Nd7
17.Ne2 f6 18.Bd2 Qe8 19.O-O Qf7 20.Nc1 Rb8 21.Rb1 Bxa3 22.Bxa5 Bd6 23.Qc2 Rb7
24.b6 cxb6 25.Nxb6 Rc7 26.Nc4 Rc6 27.Nxd6 Rxd6 28.Qc7 Rc6 29.Qd8+ Qf8 30.Ne2 Nc5
31.Rb8 Qxd8 32.Bxd8 Kf7 33.Ra1 Nd7 34.Rb2 Nc8 35.Rc1 Rxc1+ 36.Nxc1 Na7 37.Ba5 Nc6
38.Bd2 g5 39.Kf2 Kg6 40.Nb3 Ne7 41.Bb4 Nc6 42.Bd6 Bf7 43.Nc5 Nxc5 44.Bxc5 Be8
45.Rb6 h5 46.Rb7 f5 47.Rc7 Kf6 48.Rc8 Bd7 49.Rf8+ Kg6 50.Rg8+ Kf6 51.Rh8 fxe4
52.fxe4 Kg6 53.Bf8 Be8 54.Rh6+ Kf7 55.Ba3 Kg7 56.Re6 Bd7 57.Rd6 Be8 58.Ke2 g4
59.Bc1 Ne7 60.Re6  1-0

[Event "TCh-CZE Extraliga 2012-13"]
[Site "Czech Republic CZE"]
[Date "2013.03.23"]
[Round "7.2"]
[White "Dziuba,M"]
[Black "Kempinski,R"]
[Result "0-1"]
[WhiteElo "2602"]
[BlackElo "2599"]

1.c4 e5 2.g3 c6 3.d4 exd4 4.Qxd4 d5 5.Nf3 Nf6 6.Bg2 Be6 7.Ng5 Nbd7 8.O-O Bc5
9.Qd1 O-O 10.Nxe6 fxe6 11.Nd2 Ng4 12.e3 Nxf2 13.Qe2 Ne4 14.Rxf8+ Qxf8 15.Nxe4 dxe4
16.Bxe4 Qf6 17.Rb1 Qe5 18.Bc2 a5 19.a3 a4 20.Kg2 Nf6 21.b4 axb3 22.Rxb3 Qc7
23.Bb2 e5 24.Rd3 Qe7 25.a4 Qe6 26.h3 Rf8 27.Rd1 g6 28.Qd3 Ne8 29.Qe4 Qf7
30.Bxe5 Qf2+ 31.Kh1 Nd6 32.Qg2 Qxe3 33.Bf4 Qe6 34.Qd2 Qxh3+ 35.Qh2 Qe6 36.Rb1 b6
37.Bd3 Nf5 38.Qg2 Ne3 39.Bxe3 Qxe3 40.Rd1 Rf2 41.Qxc6 Qh6+  0-1

[Event "TCh-BEL 2012-13"]
[Site "Buellingen BEL"]
[Date "2013.03.24"]
[Round "11.2"]
[White "Cekro,E"]
[Black "Hoffmann,Micha1"]
[Result "1/2-1/2"]
[WhiteElo "2393"]
[BlackElo "2479"]

1.c4 e5 2.g3 Nf6 3.Bg2 d5 4.cxd5 Nxd5 5.Nc3 Nb6 6.Nf3 Nc6 7.Rb1 a5 8.O-O Be7
9.d3 O-O 10.Be3 Be6 11.a3 Nd5 12.Bd2 Nb6 13.Be3 Nd5 14.Bd2 Nb6 15.Be3  1/2-1/2

[Event "29th Spring Festival"]
[Site "Budapest HUN"]
[Date "2013.03.25"]
[Round "7.10"]
[White "Simon,Lil"]
[Black "Grimm,G"]
[Result "1-0"]
[WhiteElo "1876"]
[BlackElo "2066"]

1.c4 e5 2.g3 Nf6 3.Bg2 Nc6 4.Nc3 Bc5 5.Nf3 d6 6.d3 h6 7.O-O a6 8.a3 O-O 9.b4 Ba7
10.Bb2 Be6 11.Nd2 Rb8 12.Nd5 Ne8 13.Rb1 Ne7 14.Nxe7+ Qxe7 15.b5 f5 16.bxa6 bxa6
17.Bc3 Nf6 18.Qc2 Nd7 19.Nb3 Qf7 20.Na5 Bc5 21.Rxb8 Rxb8 22.Nc6 Rf8 23.Bb4 f4
24.Bxc5 Nxc5 25.Qb2 Qf6 26.Qc2 Kh8 27.Nb4 Qg5 28.Nd5 Bf5 29.Qc1 Bg4 30.Qb2 Qh5
31.f3 Bd7 32.g4 Qh4 33.Qb1 Qd8 34.Nc3 Qa8 35.Qc2 Rb8 36.Rb1 Rb7 37.Nd5 Qb8
38.Rxb7 Qxb7 39.Ne7 Be8 40.d4 Nd7 41.g5 Qb6 42.c5 dxc5 43.Qc4 Qb1+ 44.Kf2 Qh7
45.g6 Bxg6 46.Qxa6 Be8 47.Qc8 Nf6 48.dxe5 Qc2 49.exf6 Qa4 50.fxg7+ Kxg7 51.Qg4+ Kf6
52.Ng8+ Ke5 53.Qg7+ Kd5 54.Nf6+ Ke6 55.Bh3+  1-0

[Event "44th Marcel Duchamp"]
[Site "Buenos Aires ARG"]
[Date "2013.03.27"]
[Round "6.12"]
[White "Garcia Palermo,C"]
[Black "Toniutti,E"]
[Result "1-0"]
[WhiteElo "2460"]
[BlackElo "2193"]

1.c4 e5 2.g3 Nc6 3.Bg2 g6 4.b3 Bg7 5.Bb2 d6 6.d3 f5 7.f4 Qe7 8.Nc3 Nf6 9.Nh3 O-O
10.O-O Bd7 11.Qd2 Rae8 12.Rae1 Qd8 13.e3 Qc8 14.a3 Ng4 15.b4 exf4 16.Nxf4 Nd8
17.h3 Nf6 18.e4 c6 19.exf5 gxf5 20.Nce2 Nf7 21.Nd4 Ne5 22.Nf3 Qc7 23.Nh4 Bc8
24.Qc2 Qf7 25.c5 Ng6 26.Nfxg6 hxg6 27.cxd6 Be6 28.Nf3 Bb3 29.Qd2 Nh5 30.Ne5 Qe6
31.d7 Rd8 32.Nxc6 Qf7 33.Re7  1-0

[Event "O2C Doeberl Cup Premier 2013"]
[Site "Canberra AUS"]
[Date "2013.03.28"]
[Round "2.12"]
[White "Johansen,D"]
[Black "Rishi,S"]
[Result "1-0"]
[WhiteElo "2430"]
[BlackElo "2232"]

1.c4 e5 2.g3 Nf6 3.Bg2 d5 4.cxd5 Nxd5 5.Nc3 Nb6 6.Nf3 Nc6 7.O-O Be7 8.a3 O-O
9.b4 Be6 10.Rb1 f6 11.d3 a5 12.b5 Nd4 13.Nd2 Nd5 14.Bxd5 Bxd5 15.e3 Be6 16.exd4 Qxd4
17.Nde4 Bh3 18.Be3 Qd8 19.b6 c6 20.Qb3+ Kh8 21.Nc5 Bxc5 22.Bxc5 Qxd3 23.Be3 Qf5
24.Qc4 Bxf1 25.Rxf1 Rfd8 26.Ne4 Rd4 27.Bxd4 Qxe4 28.Qf7 exd4 29.Qxb7 Rd8
30.Qc7 Qe8 31.b7 h6 32.Rd1 Kh7 33.Qxa5 Qd7 34.Qa7 Qe8 35.Rb1 Rb8 36.Qxd4 c5
37.Qxc5 Qe4 38.Qb4 Qf3 39.a4 h5 40.a5 Qc6 41.h4  1-0

[Event "6th Guzinskiego Mem"]
[Site "Lazy POL"]
[Date "2013.03.28"]
[Round "4.4"]
[White "Adamowicz,M"]
[Black "Szmidt,P"]
[Result "1-0"]
[WhiteElo "2046"]
[BlackElo "1904"]

1.c4 e5 2.g3 Nf6 3.Bg2 Nc6 4.d3 Bb4+ 5.Bd2 Bxd2+ 6.Qxd2 d6 7.Nc3 O-O 8.Nf3 Be6
9.O-O Qd7 10.Ng5 Bf5 11.e4 Bg4 12.f3 Be6 13.f4 h6 14.f5 hxg5 15.Qxg5 Bxc4
16.dxc4 Nh7 17.Qh5 Nd4 18.f6 c6 19.fxg7 Kxg7 20.Rad1 Qe6 21.Ne2 Qxc4 22.Nxd4 exd4
23.Rf4 Qc5 24.Rf5 Qc4 25.Qg4+ Kh8 26.Rh5 Rg8 27.Qh4 Rg7 28.Bh3 Qe2 29.Rf1 Qe3+
30.Kg2 Rag8 31.Bf5  1-0

[Event "44th Marcel Duchamp"]
[Site "Buenos Aires ARG"]
[Date "2013.03.29"]
[Round "8.1"]
[White "Labollita,M"]
[Black "Rodriguez Vila,A"]
[Result "1-0"]
[WhiteElo "2385"]
[BlackElo "2503"]

1.c4 e5 2.g3 Nc6 3.Bg2 g6 4.Nc3 Bg7 5.d3 d6 6.e4 Nh6 7.h4 f6 8.h5 g5 9.Bh3 O-O
10.Bxc8 Qxc8 11.f3 Nd4 12.g4 c6 13.Be3 Nf7 14.Kf2 Nd8 15.h6 Bh8 16.Nge2 N8e6
17.Ng3 Qd7 18.Nf5 a6 19.Ne2 b5 20.b3 d5 21.cxd5 cxd5 22.Bxd4 Nxd4 23.Nexd4 exd4
24.exd5 Rfe8 25.Re1 Re5 26.Rc1 Rae8 27.Rxe5 fxe5 28.d6 Bf6 29.Rc7 Qe6 30.Qe2  1-0

[Event "O2C Doeberl Cup Premier 2013"]
[Site "Canberra AUS"]
[Date "2013.03.29"]
[Round "4.5"]
[White "Johansen,D"]
[Black "Laxman,R"]
[Result "1/2-1/2"]
[WhiteElo "2430"]
[BlackElo "2435"]

1.c4 e5 2.g3 Nc6 3.Bg2 d6 4.Nc3 Be6 5.d3 Qd7 6.Rb1 g6 7.b4 Bg7 8.b5 Nd8 9.Nf3 h6
10.O-O Ne7 11.a4 O-O 12.Ba3  1/2-1/2

[Event "VII New Open"]
[Site "Lugano SUI"]
[Date "2013.03.29"]
[Round "1.11"]
[White "Patuzzo,F"]
[Black "Ovsepyan,A"]
[Result "1-0"]
[WhiteElo "2297"]
[BlackElo "1988"]

1.c4 e5 2.g3 Nc6 3.Bg2 Nf6 4.Nc3 Bc5 5.Nf3 d6 6.O-O h6 7.a3 a5 8.e3 O-O 9.d3 Re8
10.b3 Bb6 11.Bb2 Be6 12.d4 e4 13.Nd2 d5 14.cxd5 Bxd5 15.Qc2 Ne7 16.Nxd5 Nexd5
17.Nxe4 Nxe4 18.Bxe4 c6 19.Rfe1 Qe7 20.Bg2 Rad8 21.Rad1 Nc7 22.Qf5 Qe6 23.Qxe6 Rxe6
24.a4 Nd5 25.Ba3 Nb4 26.Bh3 Red6 27.Rc1 Nd3 28.Bxd6 Rxd6 29.Bc8 Nxe1 30.Rxe1 c5
31.dxc5 Bxc5 32.Bxb7 Ba3 33.Be4 Rd2 34.Ra1 Bb2 35.Rb1 Ba3 36.Kg2 Kf8 37.Kf3 Ke7
38.Bc6 f5 39.h4 Kd6 40.Bb5 Ke5 41.Ra1 Bb2 42.Rh1 Ba3 43.h5 Rb2 44.Bc4 Rd2
45.Rg1 Rd6 46.g4 g5 47.gxf5 Kxf5 48.Rg4 Rd2 49.Rg1 g4+ 50.Kg2 Kg5 51.Bf7 Kf6
52.Bg6 Kg5 53.Kg3 Kf6 54.Rg2 Bc5 55.Be4 Ke6 56.Kxg4 Rb2 57.Kf3 Bf8 58.Rg6+ Ke5
59.Ra6 Rxb3 60.Rxa5+ Kf6 61.Rf5+ Ke7 62.a5 Ra3 63.Rb5 Kd6 64.Bd5 Kc7 65.Ke4 Ra4+
66.Kf5 Bb4 67.a6 Bd6 68.Rb7+ Kc8 69.Be6+  1-0

[Event "17th Neckar Open"]
[Site "Deizisau GER"]
[Date "2013.03.30"]
[Round "4.12"]
[White "Moor,R"]
[Black "Edouard,R"]
[Result "1/2-1/2"]
[WhiteElo "2363"]
[BlackElo "2680"]

1.c4 e5 2.g3 Nf6 3.Bg2 d5 4.cxd5 Nxd5 5.Nc3 Nb6 6.Nf3 Nc6 7.O-O Be7 8.Rb1 f6
9.d3 Be6 10.a3 O-O 11.b4 Nd4 12.Nd2 c6 13.e3 Nb5 14.Qc2 Nxc3 15.Qxc3 Qd7
16.Nb3 Rfd8 17.Rd1 Rac8 18.Nc5 Bxc5 19.bxc5 Nd5 20.Qc2 b5 21.d4 Ne7 22.Bb2 exd4
23.Rxd4 Qc7 24.Rbd1 Rxd4 25.Rxd4 Rd8 26.Qd2 Rxd4 27.Bxd4 f5 28.Bb2 Qd7 29.Qc3 Nd5
30.Qe5 Nf6 31.Bd4 Kf7 32.h3 Bd5 33.f3 h6 34.g4 Be6 35.Bf1 Qd5 36.Qxd5 Bxd5
37.Kf2 g6 38.Bd3 Ke6 39.Kg3 Bc4 40.Bc2 Nd5 41.h4 b4 42.h5 b3 43.Bb1 fxg4
44.hxg6 gxf3 45.Kxf3 Ne7 46.Kf4 Be2 47.g7 Kf7 48.Be4 Bc4 49.Bf3 Kg6 50.Be4+ Kf7
51.Bf3 Nd5+ 52.Ke5 Ne7  1/2-1/2

[Event "LVIII ch-Catarinense 2013"]
[Site "Florianopolis BRA"]
[Date "2013.03.31"]
[Round "7.4"]
[White "Disconzi da Silva,R"]
[Black "Molina,Rob"]
[Result "1/2-1/2"]
[WhiteElo "2377"]
[BlackElo "2414"]

1.c4 e5 2.g3 Nf6 3.Bg2 d5 4.cxd5 Nxd5 5.Nc3 Nb6 6.Nf3 Nc6 7.O-O Be7 8.a4 a5
9.d3 O-O 10.Be3 Be6 11.Nd2 Qd7 12.Bxb6 cxb6 13.Nc4 Qd8 14.Rc1 f6 15.Ne3 Kh8
16.Bd5 Bh3 17.Bg2 Be6 18.Bd5 Bh3 19.Bg2 Bxg2 20.Kxg2 Bc5 21.Ned5 Qd7 22.e4  1/2-1/2

[Event "VII New Open"]
[Site "Lugano SUI"]
[Date "2013.03.31"]
[Round "4.4"]
[White "Salvetti,A"]
[Black "Stips,F"]
[Result "1-0"]
[WhiteElo "2226"]
[BlackElo "2227"]

1.c4 e5 2.g3 Nf6 3.Bg2 c6 4.Nc3 d5 5.d4 exd4 6.Qxd4 Be6 7.cxd5 cxd5 8.Nf3 Nc6
9.Qa4 Bc5 10.O-O O-O 11.Bf4 Qe7 12.Ne5 Rac8 13.Nd3 Bd4 14.Nb5 Bb6 15.Bd6 Qd7
16.Bxf8 Rxf8 17.Nc3 Bh3 18.Bxh3 Qxh3 19.Nf4 Qf5 20.Rad1 d4 21.Qb5 Ne5 22.Ncd5 Nxd5
23.Qxd5 Rd8 24.Qxb7 g5 25.Nd3 Ng4 26.Qf3 Qe6 27.Rc1 Rd5 28.Rc8+ Kg7 29.Re8 Qd7
30.Re7  1-0

[Event "Paskturneringen Open"]
[Site "Norrkoping SWE"]
[Date "2013.03.31"]
[Round "6"]
[White "Hillarp Persson,T"]
[Black "Malmstig,E"]
[Result "1-0"]
[WhiteElo "2527"]
[BlackElo "2291"]

1.c4 e5 2.g3 d6 3.Nc3 c6 4.d4 Nd7 5.Nf3 Ngf6 6.Bg2 Be7 7.O-O O-O 8.Qc2 Re8
9.b3 Bf8 10.d5 Qa5 11.Bd2 Qc7 12.Rac1 a5 13.Qb1 Nc5 14.e4 Bg4 15.Ne1 Qc8
16.Be3 Rb8 17.a3 cxd5 18.cxd5 Qd7 19.f3 Bh5 20.a4 Rec8 21.Nd3 b6 22.Nf2 Qb7
23.Rfe1 Be7 24.Nb5 h6 25.Rc3 Nfd7 26.f4 exf4 27.gxf4 Rf8 28.Bd4 Rbe8 29.Rg3 f6
30.e5 fxe5 31.fxe5 dxe5 32.d6 Bf3 33.dxe7 Bxg2 34.exf8=Q+ Rxf8 35.Bxc5 Nxc5
36.Rxg2  1-0

[Event "Mexico International Open"]
[Site "Puebla MEX"]
[Date "2013.03.31"]
[Round "9.4"]
[White "Gonzalez Vidal,Y"]
[Black "Macieja,B"]
[Result "1/2-1/2"]
[WhiteElo "2525"]
[BlackElo "2630"]

1.c4 e5 2.g3 Nf6 3.Bg2 d5 4.cxd5 Nxd5 5.Nc3 Nb6 6.Nf3 Nc6 7.O-O Be7 8.a3 O-O
9.b4 Be6 10.Rb1 f6 11.d3 Nd4 12.Nd2 Nd5 13.Bb2 c6 14.Nde4 Nxc3 15.Bxc3 Bd5
16.a4 f5 17.Bxd4 exd4 18.Nd2 Bxg2 19.Kxg2 Qd5+ 20.Nf3 Bf6 21.Qb3 Rfe8 22.Rfe1 Qxb3
23.Rxb3 Re6 24.b5 c5 25.Nd2 Rae8 26.Kf1 Bd8 27.Nc4 g5 28.Rbb1 f4 29.g4 h5
30.h3 hxg4 31.hxg4 Kg7 32.f3 Rh8 33.Kg2  1/2-1/2

[Event "17th Neckar Open"]
[Site "Deizisau GER"]
[Date "2013.04.01"]
[Round "8.6"]
[White "Erdos,V"]
[Black "Demuth,A"]
[Result "1/2-1/2"]
[WhiteElo "2636"]
[BlackElo "2463"]

1.c4 e5 2.g3 Nf6 3.Bg2 c6 4.Nf3 e4 5.Nd4 d5 6.cxd5 Qxd5 7.e3 Qe5 8.Nc3 Bc5
9.Nde2 Bf5 10.h3 h5 11.a3 Nbd7 12.b4 Bd6 13.Nd4 Bg6 14.Nce2 h4 15.g4 Nd5
16.Bb2 Qe7 17.f4 exf3 18.Nxf3 f5 19.Qc2 Qf7 20.Ng5 Qe7 21.Nf3 Qf7 22.gxf5 Bxf5
23.e4 Qg6 24.exf5 Qxg2 25.Qe4+ Kd8 26.Rg1 Qxh3 27.Ng5 Qb3 28.Bxg7 Re8 29.Ne6+ Kc8
30.Qxh4 a5 31.b5  1/2-1/2

[Event "TCh-NOR Eliteserien 2012-13"]
[Site "Haraldsheim NOR"]
[Date "2013.04.05"]
[Round "7"]
[White "Leer Salvesen,B"]
[Black "Haugli,P"]
[Result "1-0"]
[WhiteElo "2371"]
[BlackElo "2293"]

1.c4 e5 2.g3 Nf6 3.Bg2 Nc6 4.Nc3 Bc5 5.e3 O-O 6.Nge2 d6 7.d4 Bb6 8.O-O Bf5
9.h3 Re8 10.g4 Bg6 11.Na4 exd4 12.Nxb6 axb6 13.Nxd4 Ne4 14.Ne2 Nc5 15.Nf4 Be4
16.f3 Bg6 17.e4 Ne6 18.Nd5 f6 19.b3 Ne7 20.Nc3 Bf7 21.f4 Nc5 22.Bb2 Nc6 23.Qd2 Nb4
24.Rf3 Qd7 25.Rg3 Nc6 26.Rd1 Nb4 27.Ba1 Nc6 28.Qb2 h6 29.h4 Bg6 30.g5 hxg5
31.hxg5 f5 32.e5 Qf7 33.Bd5 Ne6 34.exd6 cxd6 35.Nb5 Rad8 36.Re1 Rd7 37.Rge3 Ncd8
38.Nd4  1-0

[Event "1st Hofheim Open"]
[Site "Hofheim GER"]
[Date "2013.04.05"]
[Round "5.24"]
[White "Henrich,D"]
[Black "Zweschper,E"]
[Result "1/2-1/2"]
[WhiteElo "1835"]
[BlackElo "2162"]

1.c4 e5 2.g3 Nf6 3.Bg2 Nc6 4.Nc3 Be7 5.d3 O-O 6.Nf3 d5 7.cxd5 Nxd5 8.O-O Nb6
9.a3 a5 10.Be3 Be6 11.d4 exd4 12.Nxd4 Nxd4 13.Qxd4 Qxd4 14.Bxd4 Nc4 15.Nd5 Bxd5
16.Bxd5 Rad8 17.Bxc4 Rxd4 18.Bd3 Rfd8 19.Rac1 c6 20.Rc2 g6 21.Rfc1 Kg7 22.Kg2 f5
23.f4 Kf6 24.Kf3 Ke6 25.Ke3 R8d7 26.Rc4  1/2-1/2

[Event "TCh-AUT 2 East 2012-13"]
[Site "Austria AUT"]
[Date "2013.04.06"]
[Round "10.2"]
[White "Pisk,P"]
[Black "Ganaus,H"]
[Result "1-0"]
[WhiteElo "2389"]
[BlackElo "2331"]

1.c4 e5 2.g3 Nc6 3.Bg2 f5 4.e3 Nf6 5.Nc3 e4 6.d3 Bb4 7.Ne2 d5 8.cxd5 Qxd5
9.Nf4 Bxc3+ 10.bxc3 Qf7 11.Ba3 g5 12.Ne2 Bd7 13.dxe4 fxe4 14.Qb3 Qxb3 15.axb3 Ne5
16.h4 g4 17.Nf4 Kf7 18.O-O Nf3+ 19.Bxf3 gxf3 20.c4 Rhd8 21.Bb2 Bc6 22.Ra5 b5
23.Bxf6 Kxf6 24.Ra6  1-0

[Event "23rd ch-SLO 2013"]
[Site "Sentjur SLO"]
[Date "2013.04.07"]
[Round "2.3"]
[White "Markoja,B"]
[Black "Sebenik,M"]
[Result "1/2-1/2"]
[WhiteElo "2085"]
[BlackElo "2527"]

1.c4 e5 2.g3 Nf6 3.Bg2 c6 4.Nf3 e4 5.Nd4 d5 6.cxd5 Qxd5 7.Nc2 Qh5 8.h3 Na6
9.Nc3 Qg6 10.O-O Bd6 11.d3 exd3 12.Qxd3 Qxd3 13.exd3 O-O 14.Bg5 Be7 15.Rfe1 Bd8
16.d4 Nc7 17.Bf4 Be6 18.Bd6 Re8 19.Ne3 Rc8 20.Rac1 Be7 21.Bxc7 Rxc7 22.d5 cxd5
23.Ncxd5 Nxd5 24.Nxd5 Rxc1 25.Nxe7+ Rxe7 26.Rxc1 g5 27.a3 b6 28.Rd1 Kg7 29.Rd2 Rc7
30.Kh2 Kf6 31.Re2 Rc4 32.Bf3 a5 33.Kg2 h6 34.g4 b5 35.Be4 b4 36.axb4 axb4
37.Kf3 Rc1 38.Re3 Ra1 39.Kg3 Rg1+ 40.Kh2 Rd1 41.Re2 Rd4 42.f3 Bc4 43.Rf2 Ke5
44.Kg3 Rd1 45.Bc2 Rg1+ 46.Kh2 Re1 47.Rd2 b3 48.Bd1 f5 49.gxf5 Kxf5 50.Kg3 h5
51.Rd4 Be6 52.Rd3 h4+ 53.Kf2 Rh1 54.Kg2 Re1 55.Kf2 Rh1 56.Kg2 Re1  1/2-1/2

[Event "23rd ch-SLO 2013"]
[Site "Sentjur SLO"]
[Date "2013.04.10"]
[Round "5.7"]
[White "Markoja,B"]
[Black "Sirnik,B"]
[Result "1-0"]
[WhiteElo "2085"]
[BlackElo "2249"]

1.c4 e5 2.g3 d6 3.Bg2 f5 4.Nc3 Nf6 5.d4 Be7 6.Nf3 e4 7.Ng5 c6 8.d5 Na6 9.O-O O-O
10.Nh3 Nc7 11.a4 a5 12.f3 Qe8 13.fxe4 Nxe4 14.Nxe4 fxe4 15.Nf2 cxd5 16.cxd5 b5
17.Bxe4 Bd8 18.Bf3 Na6 19.axb5 Nb4 20.Bf4 Qe7 21.Ne4 Bb6+ 22.Kg2 Rxf4 23.gxf4 Qh4
24.Qe1 Qh6 25.Ng5 Nc2 26.Qc3 Bh3+ 27.Nxh3 Ne3+ 28.Kh1 Qxh3 29.Rg1 Nf5 30.Qc6 Rb8
31.Bg4 Qh6 32.Bxf5 Bxg1 33.Rxg1 Qxf4 34.Qc7  1-0

[Event "15th Dubai Open 2013"]
[Site "Dubai UAE"]
[Date "2013.04.11"]
[Round "5.8"]
[White "Ghosh,D"]
[Black "Mchedlishvili,M"]
[Result "1/2-1/2"]
[WhiteElo "2451"]
[BlackElo "2640"]

1.c4 e5 2.g3 Nf6 3.Bg2 d5 4.cxd5 Nxd5 5.Nc3 Ne7 6.Nf3 Nbc6 7.b4 a6 8.O-O g6
9.Rb1 Bg7 10.a4 O-O 11.d3 Nd4 12.Nd2 c6 13.e3 Ne6 14.Nc4 Nd5 15.Bd2 Nec7
16.Nxd5 Nxd5 17.b5 axb5 18.axb5 Be6 19.bxc6 bxc6 20.Qc2 Ra6 21.e4 Nc7 22.Bb4 Bxc4
23.Qxc4 Re8 24.Ra1 Qc8 25.Rxa6 Nxa6 26.Ra1 Nxb4 27.Qxb4 Qd7 28.Qb3 Rd8 29.Bf1 Qe7
30.Rc1 Qd6  1/2-1/2

[Event "15th Dubai Open 2013"]
[Site "Dubai UAE"]
[Date "2013.04.14"]
[Round "8.17"]
[White "Ghosh,D"]
[Black "Kotsur,P"]
[Result "1-0"]
[WhiteElo "2451"]
[BlackElo "2552"]

1.c4 e5 2.g3 Nf6 3.Bg2 c6 4.d4 exd4 5.Qxd4 d5 6.Nf3 Be6 7.cxd5 cxd5 8.O-O Nc6
9.Qa4 Bc5 10.Bg5 h6 11.Bxf6 Qxf6 12.Qb5 Bb6 13.Nc3 O-O 14.Na4 d4 15.Nxb6 axb6
16.Qxb6 Bc4 17.Rfe1 Rae8 18.Nd2 Rxe2 19.Rxe2 Bxe2 20.Qxb7 Nd8 21.Qb4 Ne6
22.a4 Qe5 23.a5 Rb8 24.Qa3 Ba6 25.Nf3 Qd5 26.Nd2 Qe5 27.Nf3 Qd5 28.b4 d3
29.Rd1 Qd6 30.Bf1 Qd5 31.Bxd3 Bxd3 32.Rxd3 Qc4 33.Rb3 Rd8 34.Rb1 Qb5 35.Qe3 Rd3
36.Qe4 Ra3 37.Rc1 Qd7 38.Ne5 Qd2 39.Qe1 Qd5 40.Rd1 Qa8 41.Qe2 Rb3 42.Qc4 Rb2
43.h4 g5 44.h5 Qa7 45.Ng4 Qb7 46.Nf6+ Kg7 47.Nd5 Kg8 48.Qc3 Re2 49.Qf3 Qa6
50.b5 Qxb5 51.Nc3 Qb3 52.Qxe2 Qxc3 53.a6 Qa3 54.Qd3 Qa4 55.Rb1 Qa5 56.Qb5  1-0

[Event "15th Dubai Open 2013"]
[Site "Dubai UAE"]
[Date "2013.04.15"]
[Round "9.30"]
[White "Das,Say"]
[Black "Deepan,C"]
[Result "1/2-1/2"]
[WhiteElo "2299"]
[BlackElo "2477"]

1.c4 e5 2.g3 Nc6 3.Bg2 Nf6 4.Nc3 Bc5 5.Nf3 d6 6.d3 h6 7.a3 a5 8.O-O O-O 9.e3 Ba7
10.b3 Bf5 11.Bb2 Qd7 12.Re1 Rfe8 13.Rc1 Ne7 14.Nb5 Bb8 15.e4 Bg4 16.d4 c6
17.Nc3 Ng6 18.Na4 Bc7 19.Qc2 Bh3 20.Bh1 Qe7 21.Qc3 Nh7 22.c5 Ng5 23.cxd6 Bxd6
24.Nxe5 Nxe5 25.dxe5 Bxa3 26.Bxa3 Qxa3 27.Nc5 Ne6 28.Nxb7 Reb8 29.Ra1 Qb4
30.Qxb4 axb4 31.Rxa8 Rxa8 32.Bg2 Bxg2 33.Kxg2 Ra7 34.Nd6 c5 35.Rc1 Ra3 36.Nb7 Rxb3
37.Nxc5 Nxc5 38.Rxc5 Rc3 39.Rb5 b3 40.Rb8+ Kh7 41.h4 g5 42.Rb7 Kg6 43.Rb6+ Kg7
44.Rb7 Kg6 45.Rb6+ Kg7 46.e6 fxe6 47.Rxe6 g4 48.Rb6 h5 49.Rb5 Rc4 50.Rxb3 Rxe4
51.Kf1 Kg6 52.Rb6+ Kg7 53.Rb2 Kg6 54.Re2 Ra4 55.Ke1 Ra1+ 56.Kd2 Ra2+ 57.Ke3 Ra3+
58.Kf4 Rf3+ 59.Ke5 Rf5+ 60.Kd6 Rf3 61.Re6+ Kg7 62.Re2  1/2-1/2

[Event "4th LUCOPEN 2013"]
[Site "Lille FRA"]
[Date "2013.04.16"]
[Round "5.5"]
[White "Vassallo Barroche,M"]
[Black "Zhigalko,A"]
[Result "0-1"]
[WhiteElo "2442"]
[BlackElo "2590"]

1.c4 e5 2.g3 Nc6 3.Bg2 Nf6 4.Nc3 Bb4 5.Nf3 O-O 6.O-O d6 7.d3 h6 8.Bd2 a6
9.Nd5 Bc5 10.Bc3 Re8 11.Nd2 Ba7 12.e3 Rb8 13.Rc1 Bf5 14.Ne4 Nxd5 15.cxd5 Ne7
16.Qb3 Bb6 17.d4 Ng6 18.dxe5 Nxe5 19.Bxe5 Rxe5 20.Nd2 Re8 21.Nc4 Ba7 22.Qc3 h5
23.Nd2 h4 24.Rfe1 hxg3 25.hxg3 Re7 26.Qc4 Qd7 27.b3 Rbe8 28.Nf1 a5 29.Qh4 Bc5
30.a4 Re5 31.Bf3 Be4 32.Nd2 Bxd5 33.Kg2 Qd8 34.Qxd8 Rxd8 35.Nc4 Bxf3+ 36.Kxf3 Ree8
37.Red1 b6 38.Rc2 g6 39.Nb2 Kf8 40.Nd3 Ke7 41.Nf4 Kd7 42.Nd5 Re5 43.Rc4 Kc6
44.Nc3 Rh8 45.Kg2 d5 46.Rf4 f5 47.g4 Rh4 48.Kg3 Rxg4+ 49.Rxg4 fxg4 50.Kxg4 Rf5
51.Kg3 Bd6+ 52.Kg2 Kc5 53.Nb5 Rf6 54.f4 g5 55.Nc3 c6 56.e4 gxf4 57.exd5 Rg6+
58.Kf2 Kb4 59.Ne4 cxd5 60.Rxd5 Bc5+ 61.Kf3 Rc6 62.Rd3 Be3 63.Ke2 Rc2+ 64.Kf3 Rb2  0-1

[Event "ch-ESP University 2013"]
[Site "Badajoz ESP"]
[Date "2013.04.18"]
[Round "8.9"]
[White "Cuenca Jimenez,F"]
[Black "Pruja Ramirez de Cartagena,M"]
[Result "0-1"]
[WhiteElo "2186"]
[BlackElo "2217"]

1.c4 e5 2.g3 Nf6 3.Bg2 d5 4.cxd5 Nxd5 5.Nc3 Nb6 6.d3 Be7 7.Be3 Nc6 8.Bxc6+ bxc6
9.Nf3 O-O 10.Nxe5 Bf6 11.Nf3 Bh3 12.Rg1 Nd5 13.Nxd5 Qxd5 14.Qc2 Rab8 15.Bc1 Bg4
16.Nd2 Qh5 17.Nf1 Rfe8 18.e3 Bf3 19.h4 Qg6 20.Nh2 Bd5 21.Kf1 Qf5 22.g4 Qe6
23.e4 Bxa2 24.Nf3 Bb3 25.Qd2 c5 26.g5 Be7 27.Qc3 c4 28.e5 Bb4 29.Qd4 Qh3+
30.Ke2 Rbd8 31.Qg4 cxd3+ 32.Ke3 Rxe5+ 33.Kf4 Qxg4+ 34.Rxg4 Rc5 35.Bd2 Rc4+
36.Kg3 Bd6+ 37.Bf4 Bxf4+ 38.Rxf4 Rxf4 39.Kxf4 d2 40.Nxd2 Rxd2 41.Rxa7 g6
42.Rxc7 Rxf2+ 43.Ke5 Rxb2 44.Rb7 Rb1 45.h5 gxh5 46.Kf6 Rf1+ 47.Ke7 Be6 48.Rb8+ Kg7  0-1

[Event "TCh-NED Meesterklasse 2012-13"]
[Site "Netherland NED"]
[Date "2013.04.20"]
[Round "9.5"]
[White "Erwich,Frank"]
[Black "Ducarmon,Q"]
[Result "0-1"]
[WhiteElo "2359"]
[BlackElo "2410"]

1.c4 e5 2.g3 Nc6 3.Bg2 Nf6 4.Nc3 Bc5 5.e3 O-O 6.a3 a6 7.Nge2 Ba7 8.O-O d6
9.b4 Bf5 10.d4 exd4 11.Nxd4 Nxd4 12.exd4 c6 13.h3 Re8 14.g4 Ne4 15.Bb2 Nxc3
16.Bxc3 Be4 17.Re1 d5 18.c5 Bb8 19.Qd2 Qc7 20.f3 Qh2+ 21.Kf1 Re6 22.fxe4 Rf6+
23.Ke2 Bf4 24.Qd3 dxe4 25.Qxe4 Re6 26.Kf1 Rxe4 27.Rxe4 Qg3 28.Rae1 Rf8 29.Bb2 f5
30.gxf5 Bc7 31.Re8 Qd3+ 32.Kg1 Rxe8 33.Rxe8+ Kf7  0-1

[Event "48th Capablanca Open I 2013"]
[Site "Havana CUB"]
[Date "2013.04.21"]
[Round "1.7"]
[White "Franco Alonso,A"]
[Black "Ragolta Franco,E"]
[Result "1-0"]
[WhiteElo "2504"]
[BlackElo "2301"]

1.c4 e5 2.g3 Nc6 3.Bg2 f5 4.Nc3 Nf6 5.d3 d6 6.Rb1 a5 7.a3 Be7 8.b4 axb4 9.axb4 O-O
10.b5 Nd4 11.e3 Ne6 12.Nge2 g5 13.f4 Qe8 14.O-O Qh5 15.h3 Nc5 16.Bb2 e4 17.dxe4 fxe4
18.fxg5 Qxg5 19.Nf4 c6 20.Kh2 Bd7 21.Qd4 Bf5 22.Rf2 Nb3 23.Qd1 Nc5 24.Nce2 Qh6
25.Kg1 Nd3 26.Rf1 Ra2 27.Qb3 Rxb2 28.Rxb2 Nxb2 29.Qxb2 Nd7 30.bxc6 bxc6 31.Qb7 d5
32.Nd4 Bc5 33.Nxf5 Rxf5 34.Qxd7 Bxe3+ 35.Kh2  1-0

[Event "48th Capablanca Open II 2013"]
[Site "Havana CUB"]
[Date "2013.04.21"]
[Round "1.48"]
[White "Arguelles,L"]
[Black "Jarrin Cobos,J"]
[Result "1/2-1/2"]
[WhiteElo "2094"]
[BlackElo "2079"]

1.c4 e5 2.g3 c6 3.Bg2 Nf6 4.e3 d5 5.cxd5 cxd5 6.Ne2 Be7 7.O-O O-O 8.d3 Nc6
9.Nbc3 Be6 10.d4 e4 11.a3 Qd7 12.Nf4 Bg4 13.Qa4 Rac8 14.Bd2 Rfd8 15.b4 g5
16.Nfe2 Bxe2 17.Nxe2 Nxd4 18.Qd1 Nxe2+ 19.Qxe2 Rc2 20.Rfd1 Rdc8 21.Rdc1 Bd6
22.Rxc2 Rxc2 23.Qd1 Qc6 24.b5 Qc7 25.a4 Nd7 26.Ba5 b6 27.Qxd5 bxa5 28.Qxg5+ Kh8
29.Bxe4 Rc5 30.Qh6 Nf8 31.Rd1 Ng6 32.Kg2 Qe7 33.Rd4 Kg8 34.Qh5 Rc7 35.Qg4 Bc5
36.Rd5 Qe6 37.Rf5 Rd7 38.h4 Kh8 39.Qf3 Ne5 40.Qh5 f6 41.Rf4 Rg7 42.Qd1 Bb6
43.Bd5 Qd6 44.Qb3 Rc7 45.h5  1/2-1/2

[Event "48th Capablanca Open I 2013"]
[Site "Havana CUB"]
[Date "2013.04.22"]
[Round "2.2"]
[White "Gonzalez Vidal,Y"]
[Black "Martin del Campo,R"]
[Result "1-0"]
[WhiteElo "2525"]
[BlackElo "2400"]

1.c4 e5 2.g3 Nc6 3.Bg2 g6 4.Nc3 Bg7 5.e4 d6 6.Nge2 Be6 7.d3 Qd7 8.Nd5 Nd8
9.d4 c6 10.Ne3 Bh3 11.Bxh3 Qxh3 12.d5 Nf6 13.f3 O-O 14.Kf2 a6 15.a4 a5 16.Ra3 c5
17.Bd2 Qd7 18.Kg2 Nh5 19.Rf1 f5 20.exf5 gxf5 21.g4 fxg4 22.fxg4 Nf4+ 23.Nxf4 Rxf4
24.Rxf4 exf4 25.Nf5 Bxb2 26.Rf3 Nf7 27.Bxf4 Re8 28.Qd2 Be5 29.Qxa5 h5 30.h3 hxg4
31.hxg4 Bxf4 32.Rxf4 Ne5 33.Qd2 Ng6 34.Rf3 Qh7 35.Rh3  1-0